000 01166nam a2200253 i 4500
001 179345
003 ES-MaACL
005 20250719062548.0
008 111108s1877 it |||| | ita d
100 1 _aDe Foresta, Adolfo.
_951730
245 1 0 _aCongresso Penitenziario Internazionale di Stocolma /
_cAdolfo de Foresta.
260 _aRoma :
_b[s.n.],
_c1877 (
_fTip. Artero e Comp.)
300 _a15 p. ;
_c21 cm.
440 _9237356
_aRivista di Discipline Carcerarie
500 _aEstratto del fasc. 12, anno VI, della Rivista di Discipline Carcerarie.
505 8 _aContiene: A quali condizioni le pene della deportazione o della trasportazione (transportation) potrebbero rendere utili servizi all' Amministrazione delle giustizia penale?
650 4 _aDeportación.
_9135876
711 2 _aCongreso Penitenciario Internacional (
_d1878.
_cEstocolmo)
_9165779
852 1 _aBA
_jD-221(7)
_z- Forma parte de la col. facticia: "Estudios penitenciarios"
_z.- Donativo Lastres
903 _aLastres y Juiz, Francisco,
_d1848-1918
_q1
_ednr
_970504
942 _2udc
_cFOLLETOS
999 _c179345
_d179345